La imagen de la mujer y del hombre en los libros de texto escolares peruanos.
Збережено в:
| Автор: | |
|---|---|
| Інші автори: | |
| Формат: | Книга |
| Мова: | Іспанська |
| Предмети: | |
| Теги: |
Немає тегів, Будьте першим, хто поставить тег для цього запису!
|
MARC
| LEADER | 00000cam^a2200000uu^4500 | ||
|---|---|---|---|
| 001 | 000493236 | ||
| 005 | 20250521000000.0 | ||
| 008 | 031306s1983^^^^^^^^^^^^rd^r^^000^0^spa^d | ||
| 009 | 20260310125459.461 | ||
| 035 | |a FCE 000036609 | ||
| 035 | |a FCE 036654 | ||
| 037 | |a Acervo ITESO - Biblioteca | ||
| 041 | |a spa | ||
| 082 | 0 | 4 | |a 371.32 |b ANDi |
| 100 | |a Anderson, Jeanine |e (autor) | ||
| 245 | 1 | 3 | |a La imagen de la mujer y del hombre en los libros de texto escolares peruanos. |
| 264 | |a [s.l.] : |b UNESCO, |c 1983. | ||
| 300 | |a 179 h. | ||
| 336 | |a texto |b txt |2 rdacontenido | ||
| 337 | |a sin mediación |b n |2 rdamedio | ||
| 338 | |a volumen |b nc |2 rdasoporte | ||
| 649 | |a XX | ||
| 650 | |a Mujer | ||
| 650 | |a Hombre | ||
| 650 | |a Alumno | ||
| 650 | |a Análisis | ||
| 650 | |a Docente | ||
| 650 | |a Imagen | ||
| 650 | |a Características | ||
| 650 | |a Libro de texto | ||
| 650 | |a Perú | ||
| 700 | |a Herencia, Cristina |e (autor) | ||
| 910 | |a Fondo Centro de Estudios Educativos | ||
| 920 | |a Impresos - Libros | ||
| 930 | |a Fondos Especiales | ||
| 905 | |a 133 | ||
| 901 | |a ALE036654 |b IT2 |c CEE |u 20250521 | ||
| 902 | |a https://opac.biblio.iteso.mx/vufind/Record/000493236 | ||